000 00761nam a2200241 i 4500
001 bg
100 1 _aPOPRZĘCKA, Maria
245 1 0 _aArcydzieła malarstwa polskiego /
_cMaria Poprzęcka ; [tł. na ang. Aleksandra Rodzińska-Chojnowska].
246 1 1 _aMasterpieces of polish painting
260 _aWarszawa :
_b"Arkady",
_c1997.
300 _a239, [1] s. :
_bfot. kolor. ;
_c34 cm.
500 _aTyt. równol.: "Masterpieces of polish painting".
500 _aTekst równol. w jęz. pol. i ang.
504 _aIndeks.
650 9 _aMalarstwo polskie
_xhistoria
_y13-20 w.
020 _a8321339492
040 _cBPK
041 w _aplen
080 _a75.03(438)
920 _a83-213-3949-2
942 _cKS
008 s pl f |000 0 pol
999 _c32294
_d32294
856 _uhttp://koha.tu.koszalin.pl/cgi-bin/koha/opac-detail.pl?biblionumber=32294
_yKatalog online BPK